Statistics for All Names of Corners/Straights In Silverstone

Click here to take the quiz!

General Stats

  • This quiz has been taken 77 times
    (55 since last reset)
  • The average score is 9 of 19

Answer Stats

HintAnswer% Correct
CornerCopse
91%
CornerBeckkets
75%
CornerMaggots
73%
CornerStowe
61%
CornerAbbey
57%
StraightHamilton Straight
50%
StraightWellington Straight
50%
CornerChapel
48%
CornerClub
45%
CornerLuffield
43%
CornerVale
41%
CornerWoodcote
39%
CornerBrooklands
36%
CornerThe Loop
36%
CornerVillage
36%
CornerAintree
34%
CornerFarm
32%
StraightHanger Straight
27%
StraightOld Pit Straight
18%

Score Distribution

Percentile by Number Answered

Percent of People with Each Score

Your Score History

You have not taken this quiz since the last reset